000
00326nam a22001457a 4500
008
221212b ||||| |||| 00| 0 eng d
020
_a
9780078028557
041
_a
eng
080
_2
ELEVENTH EDITION
_a
61
082
_a
61KIN
100
_a
4
101
_a
MJEKS
245
_a
LOSSENING THE GRIP
_c
KINNEY J
942
_2
udc
_c
BK
999
_c
59167
_d
59167